Words Containing mn - Statistics

General Stats
  • This quiz has been taken 88 times
  • The average score is 11 of 24
Answer Stats
Hint Answer % Correct
Third season of the year autumn
87%
Loss of memory amnesia
80%
Sleeplessness insomnia
77%
Animal that eats both plants and animals omnivore
77%
Song of praise hymn
73%
Graduates of a school alumni
72%
Building where athletic exercises are performed gymnasium
72%
An architectural pillar column
65%
All-powerful omnipotent
65%
To sail completely around circumnavigate
59%
To censure condemn
52%
Fluid in which a fetus is suspended amniotic
48%
A device to assist in remembering something mnemonic
47%
All-knowing omniscient
47%
Smokestack chimney
46%
Serious and dignified solemn
43%
That which is left remnant
34%
A general pardon for political offenses amnesty
32%
Sleepwalking somnambulism
30%
Easter cake in the UK Simnel
14%
To compensate for loss indemnify
11%
Character assassination calumny
9%
Comprising several items omnibus
3%
The condition of having a full and shapely figure buxomness
1%
No matching quizzes found
Score Distribution
Percent of People with Each Score
Percentile by Number Answered
Your Score History
You have not taken this quiz